Danganronpa Tout les personnages - Statistiques

Statistiques générales
  • Ce quiz a été pris 334 fois
  • Le résultat moyen est 46 sur 89
Statistiques - réponses
Hint Réponse % Correct
Qui est la mascotte emblématique de la série ? Monokuma
99%
Nom du premier jeu Danganronpa: Trigger Happy Havoc
85%
Qui est le réel instigateur de ce jeu ? Junko Enoshima
84%
Qui possède une seconde personnalité meurtrière ? Toko Fukawa
82%
Qui devient l'espoir ? Makoto Naegi
80%
Protagoniste du second jeu Hajime Hinata
76%
Elève le plus chanceux Nagito Komaeda
73%
Qui met en scène le deuxième meurtre ? Byakuya Togami
72%
Qui cache son véritable genre ? Chihiro Fujisaki
71%
Qui ne se souvient plus de son talent ? Kyoko Kirigiri
71%
Il est le premier élève à se faire éxécuter Leon Kuwata
70%
Son rêve est d'avoir un château Celestia Ludenberg
69%
Nom du second jeu Danganronpa 2: Goodbye Despair
68%
Possède 4 hamsters Gundham Tanaka
68%
Qui est utilisé comme exemple et tué par sa sœur ? Mukuro Ikusaba
68%
Personne en réalité décédé avant le jeu Chiaki Nanami
67%
Qui a finit en beurre ? Mondo Owada
67%
Professeur de la classe en voyage scolaire Usami/monomi
67%
Il n'est pas un humain K1-B0
66%
Elle est morte malgré qu'elle n'ai tué personne Kaede Akamatsu
66%
C'est un très bon menteur Kokichi Ôma
66%
Se décrit comme une simple arme Peko Pekoyama
66%
Aime jouer de la musique Ibuki Mioda
65%
Débutant en tant qu'humain avant de devenir un robot Nekomaru Nidai
65%
Elle est passionnée par les tueurs en série Sonia Nevermind
65%
Se retrouve souvent dans des positions délicates Mikan Tsumiki
64%
Comment se nomme l'IA ? Alter Ego
63%
Qui a tenté de cacher la vérité sur une mort pout tuer tout le monde ? Aoi Asahina
63%
Comment se nomme t-elle? Genocide Jack/Syô le Génocidaire
63%
Lycéenne kidnappé est enfermé à Tôwa city Komaru Naegi
62%
Qui est le réel directeur ? Jin Kirigiri
61%
Il s'agit de la personne piégé dans un robot Yasuhiro Hagakure
61%
A un appétit hors norme Akane Owari
60%
Nom du jeu spin off Danganronpa Another Episode: Ultra Despair Girls
60%
Comment se nomme le traitre ? Sakura Ogami
60%
Qui a prétendu être mort ? Hifumi Yamada
59%
Il ne se souvient plus de son talent et le recherche Rantarô Amami
59%
Le plan de qui s'est retourné contre elle causant sa mort? Sayaka Maizono
59%
Elle croit inlassablement en Dieu Angie Yonaga
58%
Il panique assez facilement Kazuichi Sôda
58%
A pour passion la nourriture et le sexe Teruteru Hanamura
58%
Il a fait échouer son exécution Kaito Momota
57%
La maman du groupe Kirumi Tôjô
57%
Réel protagoniste du jeu Shûichi Saihara
57%
Nom du troisième jeu Danganronpa V3: Killing Harmony
56%
Perd l'un de ses yeux lors d'une exécution Fuyuhiko Kuzuryû
56%
Personnage à l'apparence enfantin mais pourtant cruel Hiyoko Saionji
56%
Elle cache son vrai talent par un autre Maki Harukawa
56%
Personne étant fortement pervertit Miu Iruma
56%
Petit ours vert Monodam
56%
Est morte à cause du jeu Twilight Syndrome Murder Mystery Mahiru Koizumi
55%
Elle est l'instigateur de ce nouveau jeu Tsumugi Shirogane
55%
Ce n'est pas de la magie mais de la sorcellerie Himiko Yumeno
54%
Petit ours rose Monophanie
54%
Il a était élevé dans la nature Gonta Gokuhara
53%
Petit ours bleu Monokid
52%
Petit ours rouge Monotaro
51%
Il est le plus petit personnage du jeu Ryôma Hoshi
51%
Elle déteste les hommes Tenko Chabashira
51%
Il a subit une transformation capilaire Kiyotaka Ishimaru
50%
Petit ours jaune Monosuke
50%
Il a une relation incestueuse avec sa sœur Korekiyo Shingûji
49%
Identité alternative du protagoniste Izuru Kamukura
47%
Ours complètement blanc Shirokuma
41%
Frère de l'Ultime nageuse Yûta Asahina
41%
Ours complètement noir Kurokuma
39%
Mère de l'Ultime Voyant Hiroko Hagakure
37%
Le leader de la Résistance Haiji Tôwa
36%
Joue le "Mage" des Guerriers de l'Espoir Monaca
36%
Se fait passer pour une autre personne Imposteur
35%
Elle s'est autoproclamée Ultime petit soeur Natsumi Kuzuryû
35%
Homme se révélant être une femme Taichi Fujisaki
27%
Le "Hero" des Guerriers de l'Espoir Masaru Daimon
26%
Le "Guerrier" des Guerriers de l'Espoir Kotoko Utsugi
24%
Ancienne élève de l'académie devenue professeure Chisa Yukizome
23%
Il ne devait supposément pas participé au jeu Ryôta Mitarai
23%
Le "Sage" et sous-chef des Guerriers de l'Espoir Nagisa Shingetsu
22%
Il ne pouvait pas utiliser son talent pour se défendre ou attaquer Jûzô Sakakura
21%
Il lui est impossible d'ouvrir une porte Kyôsuke Munakata
21%
Elle a tué l'ultime petite sœur Satô
21%
Le "Prêtre" des Guerriers de l'Espoir Jatarô Kemuri
20%
Ancien Ultime Catcheur Le Grand Gozu
17%
Elle ne voulait pas que les autres s'enfuient Ruruka Andô
17%
il est un ancien directeur Kazuo Tengan
16%
Personne s'avérant être remplacé par un robot Miaya Gekkogahara
16%
Ancienne Ultime Pharmacienne Seiko Kimura
16%
Il s'est fait tuer par sa copine Sônosuke Izayoi
15%
Il est mort à cause d'une bagarre Daisaku Bandai
14%
Ancien chasseur de talent Kôichi Kizakura
12%
Aucun quiz correspondant
Distribution des résultats
% des personnes avec chaque résultat
Percentile par nombre de réponses
Votre historique - résultats
Vous n’avez pas pris ce quiz